000 00390nam a22001457a 4500
005 20181222160011.0
008 181222b xxu||||| |||| 00| 0 eng d
041 _aeng
100 _aMUTHUSWAMY, BRINDA SANJEEV
_94892
245 _aHANDBOOK 2019 FOR CENTRAL GOVERNMENT STAFF
250 _aforty-fifth edition (2019)
260 _aCHENNAI
_bSWAMY PUBLISHERS
300 _a448p,
942 _cBK
999 _c5761
_d5759